Which flag is that? quiz 3 - Statistics

General Stats
  • This quiz has been taken 53 times
  • The average score is 9 of 12
Answer Stats
Question Answer % Correct
Papua New Guinea
89%
Myanmar (Burma)
89%
Syria
89%
Nigeria
78%
Lebanon
78%
Montenegro
78%
Chad
78%
South Sudan
67%
Cameroon
67%
Bahrain
67%
Mauritius
56%
Guinea
33%
No matching quizzes found
Score Distribution
Percent of People with Each Score
Percentile by Number Answered
Your Score History
You have not taken this quiz